Selected indicators affecting competitiveness

Cieľom príspevku je uviesť sledované ukazovatele hodnotenia v oblasti reklamy a prieskumu trhu a prezentovať výsledky vlastného prieskumu.

Guardado en:
Detalles Bibliográficos
Autor principal: Hrušovská, Dana, 1964-
Otros Autores: Grančičová, Katarína, 1967-
Formato: Capítulo de libro
Lenguaje:eslovaco
Materias:
Etiquetas: Agregar Etiqueta
Sin Etiquetas, Sea el primero en etiquetar este registro!

MARC

LEADER 00000nla a2200000 4500
001 0226945
005 20240522140012.9
041 0 |a slo 
044 |a CZ 
245 1 0 |a Selected indicators affecting competitiveness  |c Dana Hrušovská, Katarína Grančičová 
520 |a Cieľom príspevku je uviesť sledované ukazovatele hodnotenia v oblasti reklamy a prieskumu trhu a prezentovať výsledky vlastného prieskumu. 
610 2 0 |a prieskum trhu 
610 2 0 |a konkurencieschopnosť 
610 2 0 |a výkony podnikové 
610 2 0 |a predaj 
610 2 0 |a marketing 
100 1 |a Hrušovská, Dana, 1964- 
700 1 |a Grančičová, Katarína, 1967-